The otherness of self / (Record no. 152613)

MARC details
000 -LEADER
fixed length control field 00521nam a22001817a 4500
005 - DATE AND TIME OF LATEST TRANSACTION
control field 20180702104326.0
010 ## - LCCN (DPL NO)
LC control number B-061433
020 ## - INTERNATIONAL STANDARD BOOK NUMBER
International Standard Book Number 9788171674978
Terms of availability 295.00
035 ## - SYSTEM CONTROL NUMBER
System control number B-061433, B-61432
037 ## - SOURCE OF ACQUISITION
Source of stock number/acquisition BPPD/PUB
082 ## - DEWEY DECIMAL CLASSIFICATION NUMBER
Classification number 881
100 ## - MAIN ENTRY--PERSONAL NAME
Personal name Gandhi, Feroze Varun
245 ## - TITLE STATEMENT
Title The otherness of self /
Statement of responsibility, etc by Feroze Varun Gandhi
260 ## - PUBLICATION, DISTRIBUTION, ETC. (IMPRINT)
Place of publication, distribution, etc New Delhi
Name of publisher, distributor, etc Rupa & Co.
Date of publication, distribution, etc 2000
270 ## - ADDRESS
Address 7/16, Ansari Road, Daryaganj
City Delhi
Postal code 110002
300 ## - PHYSICAL DESCRIPTION
Extent 96 p.
Dimensions 20cm(Hb)
942 ## - ADDED ENTRY ELEMENTS (KOHA)
Source of classification or shelving scheme Dewey Decimal Classification
Item type English Books
Call number suffix GAN
Classification part 881
Holdings
Withdrawn status Lost status Not for loan Collection code Home library Current library Date acquired Source of acquisition Cost, normal purchase price Full call number Barcode Cost, replacement price Koha item type Copy number
      Non-fiction Patel Nagar Patel Nagar 02/07/2018 BPPD/Pub 295.00 881 GAN B-61432 295.00 English Books 1
      Non-fiction Shahdara Branch Shahdara Branch 08/06/2018 BPPD/PUB 295.00 881 GAN B-061433 295.00 English Books  

© Delhi Public Library
Hit Counter
free hit counter